Most Populated Countries in Asia A-Z - Statistics

General Stats
  • This quiz has been taken 83 times
  • The average score is 19 of 20
Answer Stats
Hint Answer % Correct
C China
100%
I India
100%
J Japan
100%
O Oman
100%
P Pakistan
99%
Q Qatar
99%
Y Yemen
99%
K Kazakhstan
98%
V Vietnam
98%
L Laos
96%
B Bangladesh
95%
R Russia
95%
S South Korea
94%
T Turkey
94%
U Uzbekistan
94%
N Nepal
90%
A Afghanistan
88%
G Georgia
84%
E East Timor
83%
M Myanmar
77%
No matching quizzes found
Score Distribution
Percent of People with Each Score
Percentile by Number Answered
Your Score History
You have not taken this quiz